| 000 | 00383nam a22001457a 4500 | ||
|---|---|---|---|
| 008 | 250306b |||||||| |||| 00| 0 eng d | ||
| 020 | _a9780323172998 | ||
| 050 |
_aSF996.5 _b.S57 |
||
| 100 | _aSirois Margi | ||
| 245 | _aLaboratory Animal and Exotic Pet Medicine; Principles and Procedures | ||
| 250 | _a2nd | ||
| 260 |
_aGermany _bElsevier _c2016 |
||
| 300 | _axi,230p | ||
| 942 | _cBK | ||
| 999 |
_c2109 _d2109 |
||